000 00504nam a22001697a 4500
003 OSt
005 20150327165825.0
008 150306b xxu||||| |||| 00| 0 eng d
040 _cBMC
082 _a973.918
100 1 _aGoldman, Eric F.
_d1915-1989
_932381
245 1 4 _aThe crucial decade
_b: and after: America, 1945-1960
_cEric F. Goldman
260 _aNew York
_bVintage Books
_ccop. 1960
300 _a349 p., XIX
_c19 cm
651 2 4 _aEstados Unidos
_xHistoria
_y1945-1953
_932378
942 _2ddc
_cBK
999 _c19323
_d19323